000 00447nam a2200181Ia 4500
008 240925s9999 xx 000 0 und d
020 _a9780099289821
082 _a813.52 HEM
100 _aHemingway, Vintage
245 0 _aFor Whom the Bell Toll
250 _a1st
260 _aLondon:
_bVintages
_c,2005.
300 _a808p.
_bNA
_fOriginal
500 _aNA
600 _aHumanities & Natural Science
650 _aLiterature
942 _cBK
999 _c14238
_d14238